期刊信息 |
| 索取号 |
C5/DXSHF
|
| 题名 |
达县师范高等专科学校学报
|
| 作者 |
达县师专学报编辑部
|
| 分册号 |
|
| 分册名 |
|
| 出版地 |
四川达县
|
| 出版者 |
达县师范高等专科学校编辑部
|
| 标准刊号 |
1008-4886
|
| 出版频率 |
季刊
|
| 中图法分类 |
C5
|
| 主题词 |
社会科学 丛书; 社会科学 文集; 社会科学 连续出版物
|
| 电子资源 | |
| |
|
| 000 | 00678nas0 2200205 45 | |
| 001 | 0752459005 | |
| 005 | 20070417143734.32 | |
| 011 | @a1008-4886@dCNY7.00(2005) | |
| 100 | @a20070417d km y0chiy0120 ea | |
| 101 | 0 | @achi |
| 200 | 1 | @a达县师范高等专科学校学报@ADa Xian Shi Fan Gao Deng Zhuan Ke Xue Xiao Xue Bao@f达县师专学报编辑部@FDa Xian Shi Zhuan Xue Bao Bian Ji Bu |
| 210 | @a四川达县@c达县师范高等专科学校编辑部 | |
| 326 | @a季刊 | |
| 606 | 0 | @a社会科学@x丛书 |
| 606 | 0 | @a社会科学@x文集 |
| 606 | 0 | @a社会科学@x连续出版物 |
| 690 | @aC5@v4 | |
| 711 | 02 | @a达县师专学报编辑部@ADa Xian Shi Zhuan Xue Bao Bian Ji Bu |
| 801 | 0 | @aCN@bPFT@c20070417 |
| 905 | @aTJWY@dC5@eDXSHF | |
| 达县师范高等专科学校学报/达县师专学报编辑部.-四川达县:达县师范高等专科学校编辑部 |
| ISSN 1008-4886:CNY7.00(2005) |
| ● |
| 相关链接: |
|
|
|
|